000 00188nam a22000977a 4500
082 _a823
_bSTI/H
100 _aSTINE, R L
245 _aHEART OF HUNTER
650 _aENGLISH STORY
942 _cBK
999 _c7678
_d7678